| 000 | 00476nam a2200169Ia 4500 | ||
|---|---|---|---|
| 008 | 240729s9999 xx 000 0 und d | ||
| 022 | _a2682-3330 | ||
| 245 | 0 | _aEgyptian Journal of Rabbit Science | |
| 260 | _aEgypt | ||
| 260 | _bEgyptian Rabbit Science Association (ERSA) | ||
| 650 | _a Animal culture | ||
| 650 | _a Veterinary medicine | ||
| 650 | _aAgriculture | ||
| 856 | _uhttps://doaj.org/toc/a56099e4061e4b96846c18afe0fa8b55 | ||
| 942 | _2ddc | ||
| 942 | _cDOAJEJ | ||
| 999 |
_c74432 _d74432 |
||
| 945 |
_a1 _bMadushi Gamage _c1 _dMadushi Gamage |
||